000 01054nam a2200289 i 4500
001 bg
245 0 0 _aDESDes'04 :
_bproceedings of the International Workshop on Discrete-Event System Design /
_ced. by Marian Adamski, Zbigniew Skowroński, Grzegorz Andrzejewski ; [ Institute of Computer Science and Electronics University of Zielona Góra.
260 _aZielona Góra :
_bUniversity of Zielona Góra Press,
_c2004.
300 _a192, [1] s. :
_brys., wykr. ;
_c24 cm.
500 _aStreszcz. ang. przy ref.
504 _aBibliogr. przy ref.
650 9 _aUkłady cyfrowe
650 9 _aSterowanie
650 9 _aUkłady logiczne
650 9 _aSieci Petriego
_xzagadnienia
655 _aMateriały konferencyjne
700 1 _aADAMSKI, Marian.
_eRed.
700 1 _aSKOWROŃSKI, Zbigniew.
_eRed.
700 1 _aANDRZEJEWSKI, Grzegorz.
_eRed.
020 _a8389712156
040 _cBPK
041 0 _apol
080 _a004:007.5:621.3.049.77:519.1](061)
920 _a83-89712-15-6
942 _cKS
008 s pl f |000 0 pol
999 _c46448
_d46448